• 首页
  • 本馆介绍
  • 公告通知
  • 最新文献
  • 馆藏检索
  • 电子资源
  • 读者导购
  • 参考咨询
  • 我的图书馆
  • 登录
  • 详细信息显示
  • 放入我的书架
  • 预约/预借图书
  • 作者相关作品
  • 分类相关作品
  • 丛书相关作品
  • 出版社相关作品

书目信息

  • 表格格式
  • 工作单格式
  • 卡片格式
题名:
烟草连作障碍机理及防治技术
    
 
作者: 于会泳 , 申国明 , 高欣欣 著
分册:  
出版信息: 天津   天津科学技术出版社  20108.6
页数: 156页
开本: 26cm
丛书名:
单 册:
中图分类: S572.47
科图分类:
主题词: 烟草--连作障碍--研究
电子资源:
ISBN: 978-7-5576-3987-7
000 00896nam0 2200253 45
001 012001000623
005 20131106135545.0
010    @a978-7-5576-3987-7@dCNY36.00
100    @a20181129d2017 em y0chiy50 ea
101 0  @achi
102    @aCN@b120000
105    @ay z 000yy
106    @ar
200 1  @a烟草连作障碍机理及防治技术@Ayan cao lian zuo zhang ai ji li ji fang zhi ji shu@f于会泳,申国明,高欣欣著
210    @a天津@c天津科学技术出版社@d20108.6
215    @a156页@d26cm
330    @a本书介绍了包括烟草在内不宜连作的作物在连作情况下的危害,阐明了连作障碍产生的本质原因,分析了连作障碍的产生机理,总结了连作障碍防治技术。
606 0  @a烟草@x连作障碍@x研究
690    @aS572.47@v5
701  0 @a于会泳@Ayu hui yong@4著
701  0 @a申国明@Ashen guo ming@4著
701  0 @a高欣欣@Agao xin xin@4著
801  0 @aCN@b北京卓展文化@c20191020
905    @b1196509-12@dS572.47@e92@f4
    
    烟草连作障碍机理及防治技术/于会泳,申国明,高欣欣著.-天津:天津科学技术出版社,20108.6
    156页;26cm
    
    
    ISBN 978-7-5576-3987-7:CNY36.00
    本书介绍了包括烟草在内不宜连作的作物在连作情况下的危害,阐明了连作障碍产生的本质原因,分析了连作障碍的产生机理,总结了连作障碍防治技术。
●
相关链接 在E读中查询图书 在五车中查询图书 在当当中查询图书 在豆瓣中查询图书


正题名:烟草连作障碍机理及防治技术     索取号:S572.47/92         预约/预借

序号 登录号 条形码 馆藏地/架位号 状态 备注
1 1196509   211965097   第二样本阅览室/ [索取号:S572.47/92] 在馆    
2 1196510   211965104   第三借阅区/ [索取号:S572.47/92] 在馆    
3 1196511   211965113   第三借阅区/ [索取号:S572.47/92] 在馆    
4 1196512   211965122   第三借阅区/ [索取号:S572.47/92] 在馆    
唐山师范学院图书馆 欢迎您!
大连网信软件有限公司© 版权所有